000 00416nam a2200145 a 4500
001 000037840
005 20201002031126.0
008 130306s2004 dr 000 0 spa d
040 _aDO-SdBNP
_bspa
_cBNPHU
100 1 _aRojas, Armando
_94541
245 1 0 _aA su tiempo se maduran las uvas /
_cArmando Rojas.
250 _a7a. ed.
260 _aSanto Domingo :
_b23 +Uno Fandación,
_c2004.
300 _a263 p. ;
_c26 cm.
999 _c37330
_d37330